[Event "Unterfranken-ch M2 56th"]
[Site "Stetten"]
[Date "2005.03.31"]
[Round "7"]
[White "Krebs, Martin"]
[Black "Grebner, Bernd"]
[Result "1/2-1/2"]
[WhiteElo "1858"]
[BlackElo "1840"]
[PlyCount "29"]
[EventDate "2005.03.28"]
[EventType "swiss"]
[EventRounds "9"]
[EventCountry "GER"]
[SourceTitle "EXT 2015"]
[Source "ChessBase"]
[SourceDate "2014.11.20"]
[SourceVersion "1"]
[SourceVersionDate "2014.11.20"]
[SourceQuality "1"]

1. d4 f5 2. c4 e6 3. g3 Nf6 4. Bg2 Bb4+ 5. Bd2 Qe7 6. a3 Bxd2+ 7. Nxd2 Nc6 8. Ngf3 a5 9. 0-0 0-0 10. Nb3 e5 11. d5 Nd8 12. Qc2 d6 13. Nbd2 Nf7 14. e3 g6 15. b4 1/2-1/2

[Event "Unterfranken-ch M2 56th"]
[Site "Stetten"]
[Date "2005.03.30"]
[Round "5"]
[White "Neubauer, Jaroslaus"]
[Black "Grebner, Bernd"]
[Result "1/2-1/2"]
[WhiteElo "1892"]
[BlackElo "1840"]
[PlyCount "141"]
[EventDate "2005.03.28"]
[EventType "swiss"]
[EventRounds "9"]
[EventCountry "GER"]
[SourceTitle "EXT 2015"]
[Source "ChessBase"]
[SourceDate "2014.11.20"]
[SourceVersion "1"]
[SourceVersionDate "2014.11.20"]
[SourceQuality "1"]

1. e4 c5 2. Nf3 Nc6 3. d4 cxd4 4. Nxd4 Nf6 5. Nc3 e5 6. Nb3 Bb4 7. Bc4 Bxc3+ 8. bxc3 0-0 9. Ba3 Re8 10. 0-0 d6 11. Qe2 Bg4 12. f3 Be6 13. Rfd1 Bxc4 14. Qxc4 Re6 15. Rab1 Qc7 16. f4 exf4 17. e5 d5 18. Qxf4 Qxe5 19. Qxe5 Rxe5 20. Nc5 b6 21. Nd3 Re2 22. Rbc1 g5 23. Kf1 Rae8 24. Re1 Rxe1+ 25. Rxe1 Rxe1+ 26. Kxe1 Ne4 27. Nb4 Ne7 28. Bb2 a5 29. Na6 f5 30. Ke2 Kf7 31. Nc7 Nc5 32. Bc1 f4 33. g3 fxg3 34. hxg3 Ne4 35. g4 Nxc3+ 36. Kd3 Nxa2 37. Bxg5 Nb4+ 38. Kd2 Nbc6 39. c3 Kg6 40. Be3 Ne5 41. Kc2 Nc4 42. Bc1 Kf6 43. Bf4 a4 44. Bh6 Ke5 45. Ne8 Ke6 46. Nc7+ Kd7 47. Nb5 Nc6 48. Bc1 Nd6 49. Na3 Ne5 50. g5 Nf3 51. Kd3 Nf7 52. Be3 Kc6 53. Nc2 b5 54. Nb4+ Kd6 55. Ke2 N3xg5 56. Bf4+ Kc5 57. Kd3 Ne6 58. Bg3 d4 59. Bf2 Nfg5 60. Na6+ Kb6 61. Nb4 Nf3 62. cxd4 Nfxd4 63. Nc2 Kc5 64. Nxd4 Nxd4 65. Bxd4+ Kd5 66. Bg7 h5 67. Bf6 b4 68. Be7 Kc6 69. Bxb4 h4 70. Be1 a3 71. Bxh4 1/2-1/2

[Event "Unterfranken-ch M2 54th"]
[Site "Moembris"]
[Date "2003.04.23"]
[Round "4"]
[White "Susallek, Markus"]
[Black "Grebner, Bernd"]
[Result "1/2-1/2"]
[WhiteElo "1862"]
[BlackElo "1838"]
[PlyCount "38"]
[EventDate "2003.04.21"]
[EventType "swiss"]
[EventRounds "9"]
[EventCountry "GER"]
[SourceTitle "EXT 2015"]
[Source "ChessBase"]
[SourceDate "2014.11.20"]
[SourceVersion "1"]
[SourceVersionDate "2014.11.20"]
[SourceQuality "1"]

1. e4 e5 2. f4 d6 3. Nf3 exf4 4. d4 g5 5. h4 Be7 6. hxg5 Bxg5 7. g3 Bg4 8. Bc4 Qe7 9. Nc3 Nc6 10. Rf1 0-0-0 11. Qd3 Nb4 12. Qe2 Nf6 13. a3 Nc6 14. Qd3 Bxf3 15. Rxf3 Rde8 16. Bxf4 Nxe4 17. Nd5 Qd8 18. 0-0-0 f5 19. Bb5 Bxf4+ 1/2-1/2

[Event "Unterfranken-ch M2 54th"]
[Site "Moembris"]
[Date "2003.04.22"]
[Round "2"]
[White "Liebler, Juergen"]
[Black "Grebner, Bernd"]
[Result "1/2-1/2"]
[WhiteElo "1727"]
[BlackElo "1838"]
[PlyCount "90"]
[EventDate "2003.04.21"]
[EventType "swiss"]
[EventRounds "9"]
[EventCountry "GER"]
[SourceTitle "EXT 2015"]
[Source "ChessBase"]
[SourceDate "2014.11.20"]
[SourceVersion "1"]
[SourceVersionDate "2014.11.20"]
[SourceQuality "1"]

1. e4 e5 2. Nf3 Nf6 3. Nc3 Nc6 4. Bc4 Be7 5. 0-0 0-0 6. d4 exd4 7. Nxd4 d6 8. Bg5 h6 9. Be3 Nxe4 10. Nxe4 d5 11. Nxc6 bxc6 12. Bd3 dxe4 13. Bxe4 Bb7 14. Qf3 Qd6 15. Qf5 Qg6 16. Qxg6 fxg6 17. Bxg6 c5 18. b3 Bd6 19. Rad1 Bc6 20. c4 Rad8 21. Rd2 Rf6 22. Bh5 Re6 23. Rfd1 Rf8 24. g3 Kh7 25. Bg4 Ref6 26. Bh3 Bf3 27. Re1 Kg6 28. Bg2 Bxg2 29. Kxg2 h5 30. Rd5 Rf5 31. Red1 Rxd5 32. Rxd5 Rf5 33. Rxf5 Kxf5 34. Kf3 g5 35. h3 g4+ 36. hxg4+ hxg4+ 37. Ke2 Ke4 38. a3 a6 39. Kd2 c6 40. Ke2 Be7 41. Bh6 Bd6 42. Bg7 Be7 43. Bc3 Bf8 44. b4 cxb4 45. axb4 Bh6 1/2-1/2

[Event "Unterfranken-ch HB 51th"]
[Site "Sailauf"]
[Date "2000.04.25"]
[Round "3"]
[White "Grebner, Bernd"]
[Black "Fries, Gerald"]
[Result "1/2-1/2"]
[WhiteElo "1704"]
[BlackElo "1726"]
[PlyCount "141"]
[EventDate "2000.04.24"]
[EventType "swiss"]
[EventRounds "9"]
[EventCountry "GER"]
[SourceTitle "EXT 2015"]
[Source "ChessBase"]
[SourceDate "2014.11.20"]
[SourceVersion "1"]
[SourceVersionDate "2014.11.20"]
[SourceQuality "1"]

1. d4 d5 2. c4 c6 3. cxd5 cxd5 4. Nf3 Nc6 5. Nc3 Nf6 6. e3 e6 7. a3 a6 8. Bd3 Bd6 9. 0-0 0-0 10. Qc2 h6 11. e4 dxe4 12. Nxe4 Nxe4 13. Bxe4 Bd7 14. Be3 Rc8 15. Qd2 f5 16. Bb1 Qf6 17. Bf4 Bxf4 18. Qxf4 Be8 19. Ba2 Bf7 20. Rfe1 Rfe8 21. Rad1 Rcd8 22. h3 g5 23. Qe3 Kg7 24. Kf1 Rd6 25. Ne5 Bg8 26. Nxc6 bxc6 27. Rd2 Red8 28. Red1 Bf7 29. Ke1 f4 30. Qe5 Bg6 31. b4 Bf5 32. Bc4 f3 33. g4 Bg6 34. Bxa6 Qxe5+ 35. dxe5 Rxd2 36. Rxd2 Ra8 37. Bb7 Rxa3 38. Bxc6 Ra1+ 39. Rd1 Ra3 40. b5 Rb3 41. Kf1 Bd3+ 42. Kg1 Bxb5 43. Rd7+ Kf8 44. Rb7 Bc4 45. Rxb3 Bxb3 46. Bxf3 Kf7 47. Kg2 Ke7 48. Kg3 Kf7 49. Be4 Kg7 50. h4 Bc4 51. f4 gxf4+ 52. Kxf4 Bb3 53. h5 Bc4 54. g5 Bb3 55. g6 Kf8 56. Bf3 Ke7 57. Bg4 Bd5 58. Ke3 Bc4 59. Kd4 Bd5 60. Kc5 Bb3 61. Kc6 Bc4 62. Kc7 Bd3 63. g7 Bh7 64. Bf3 Kf7 65. Kd6 Bf5 66. g8Q+ Kxg8 67. Ke7 Kg7 68. Bc6 Bg4 69. Be8 Bf5 70. Bf7 Bg4 71. Bg6 1/2-1/2